000 00478nam a22001577a 4500
003 macl
005 20180425131120.0
008 180425b xxu||||| |||| 00| 0 eng d
040 _cmacl
082 _a891.433/MIS/N
100 _aगोविंद मिश्र
_943688
245 _aवह अपना चेहरा
260 _aकोलकाता
_bराजकमल प्रकाशन
_c2015
650 _aउपन्‍यास
_972304
942 _2ddc
_cHIN
999 _c57912
_d57912